|
|
|
|
| LEADER |
02466nam a22003733i 4500 |
| 001 |
EBC6637604 |
| 003 |
MiAaPQ |
| 005 |
20231204023217.0 |
| 006 |
m o d | |
| 007 |
cr cnu|||||||| |
| 008 |
231204s2019 xx o ||||0 eng d |
| 020 |
|
|
|a 9783110635942
|q (electronic bk.)
|
| 035 |
|
|
|a (MiAaPQ)EBC6637604
|
| 035 |
|
|
|a (Au-PeEL)EBL6637604
|
| 035 |
|
|
|a (OCoLC)1135847831
|
| 040 |
|
|
|a MiAaPQ
|b eng
|e rda
|e pn
|c MiAaPQ
|d MiAaPQ
|
| 100 |
1 |
|
|a Aust, Cornelia.
|
| 245 |
1 |
0 |
|a Dress and Cultural Difference in Early Modern Europe.
|
| 250 |
|
|
|a 1st ed.
|
| 264 |
|
1 |
|a Berlin/München/Boston :
|b Walter de Gruyter GmbH,
|c 2019.
|
| 264 |
|
4 |
|c {copy}2019.
|
| 300 |
|
|
|a 1 online resource (218 pages)
|
| 336 |
|
|
|a text
|b txt
|2 rdacontent
|
| 337 |
|
|
|a computer
|b c
|2 rdamedia
|
| 338 |
|
|
|a online resource
|b cr
|2 rdacarrier
|
| 505 |
0 |
|
|a Intro -- Contents Contents -- Introduction -- "The Antipathy between French and Spaniards": Dress, Gender, and Identity in the Court Society of Early Modern Naples, 1501-1799 -- "a sutte of black which will always be of use to you": Expressions of Difference and Similarity in the Clothing Choices of the Scottish Male Elite Travelling in Europe, 1550-1750 -- "He knows them by their dress": Dress and Otherness in Early Modern Spain -- Jewish Travelers in Early Modern Italy: Visible and Invisible Resistance to the Jewish Badge -- From Noble Dress to Jewish Attire: Jewish Appearances in the Polish-Lithuanian Commonwealth and the Holy Roman Empire -- The Emergence of a Polish National Dress and Its Perception -- Shawls and Sable Furs: How to Be a Boyar under the Phanariot Regime (1710-1821) -- Imperial Fashions: Cashmere Shawls between Istanbul, Paris, and Milan (Eighteenth and Nineteenth Centuries) -- Everything in its Right Place? -- List of Contributors.
|
| 588 |
|
|
|a Description based on publisher supplied metadata and other sources.
|
| 590 |
|
|
|a Electronic reproduction. Ann Arbor, Michigan : ProQuest Ebook Central, 2023. Available via World Wide Web. Access may be limited to ProQuest Ebook Central affiliated libraries.
|
| 655 |
|
4 |
|a Electronic books.
|
| 700 |
1 |
|
|a Klein, Denise.
|
| 700 |
1 |
|
|a Weller, Thomas.
|
| 776 |
0 |
8 |
|i Print version:
|a Aust, Cornelia
|t Dress and Cultural Difference in Early Modern Europe
|d Berlin/München/Boston : Walter de Gruyter GmbH,c2019
|
| 797 |
2 |
|
|a ProQuest (Firm)
|
| 856 |
4 |
0 |
|u https://ebookcentral.proquest.com/lib/matrademy/detail.action?docID=6637604
|z Click to View
|